Score 0/20 Timer 02:00
2 Plays Today
Book Title Missing Word % Correct
Charlotte's ___Web
97%
Where the ___ Things AreWild
92.4%
A Wrinkle in ___Time
91.7%
Anne of Green ___Gables
87%
The ___ ExpressPolar
85.3%
___ to TerabithiaBridge
80.3%
Goodnight ___Moon
77.5%
Harold and the ___ CrayonPurple
58.3%
Sarah, ___ and TallPlain
53.3%
The ___ and the MotorcycleMouse
46%
Book Title Missing Word % Correct
The ___ TollboothPhantom
44%
___ of the Blue DolphinsIsland
42.6%
Tales of a Fourth Grade ___Nothing
40.7%
Little ___ FauntleroyLord
40.2%
House at ___ CornerPooh
36.9%
The Westing ___Game
30.7%
The ___ of Blackbird PondWitch
28.8%
Make Way for ___Ducklings
19.8%
The ___ in Times SquareCricket
18.8%
The Twenty-One ___Balloons
7.3%

Today's Daily Dose

Remove Ads.
Support Sporcle.
Get the best of Sporcle when you Go Orange. This ad-free experience offers more features, more stats, and more fun while also helping to support Sporcle. Thank you for becoming a member.

You're not logged in!

Compare scores with friends on all Sporcle quizzes.
OR
Log In

Show Comments

Extras

Top Quizzes Today


Score Distribution

Your Account Isn't Verified!

In order to create a playlist on Sporcle, you need to verify the email address you used during registration. Go to your Sporcle Settings to finish the process.

Report this User

Report this user for behavior that violates our Community Guidelines.

Details: